Los hundidos y los salvados / (Record no. 185647)

MARC details
000 -LEADER
campo de control de longitud fija 00908nam a2200265 i 4500
001 - NÚMERO DE CONTROL
campo de control 185647
003 - IDENTIFICADOR DE NÚMERO DE CONTROL
campo de control SpMaBN
005 - FECHA Y HORA DE LA ÚLTIMA TRANSACCIÓN
campo de control 20250508063003.0
008 - DATOS DE LONGITUD FIJA--INFORMACIÓN GENERAL
campo de control de longitud fija 160729s2000 sp |||| |aspa d
020 ## - NÚMERO INTERNACIONAL ESTÁNDAR DEL LIBRO
Número Internacional Estándar del Libro 84-7669-381-8
080 ## - NÚMERO DE LA CLASIFICACIÓN DECIMAL UNIVERSAL
Número de la Clasificación Decimal Universal 343.819.5(438.31 Óswiecim)(093.3)
080 ## - NÚMERO DE LA CLASIFICACIÓN DECIMAL UNIVERSAL
Número de la Clasificación Decimal Universal 929 Levi, Primo
100 1# - ENTRADA PRINCIPAL--NOMBRE DE PERSONA
Nombre de persona Levi, Primo,
Fechas asociadas al nombre 1919-1987
9 (RLIN) 240200
245 14 - MENCIÓN DEL TÍTULO
Título Los hundidos y los salvados /
Mención de responsabilidad, etc. Primo Levi ; traducción de Pilar Gómez Bedate.
250 ## - MENCION DE EDICION
Mención de edición 1ª ed. en Personalia.
260 ## - PUBLICACIÓN, DISTRIBUCIÓN, ETC.
Lugar de publicación, distribución, etc. Barcelona :
Nombre del editor, distribuidor, etc. Muchnik,
Fecha de publicación, distribución, etc. 2000.
300 ## - DESCRIPCIÓN FÍSICA
Extensión 176 p. ;
Dimensiones 21 cm.
490 1# - MENCIÓN DE SERIE
Mención de serie Personalia ;
Designación de volumen o secuencia 8
600 14 - PUNTO DE ACCESO ADICIONAL DE MATERIA--NOMBRE DE PERSONA
Nombre de persona Levi, Primo,
Fechas asociadas al nombre 1919-1987
9 (RLIN) 240200
651 #4 - PUNTO DE ACCESO ADICIONAL DE MATERIA--NOMBRE GEOGRÁFICO
Nombre geográfico Auschwitz (Polonia, Campo de concentración)
9 (RLIN) 155366
700 1# - ENTRADA AGREGADA--NOMBRE PERSONAL
Nombre de persona Gómez Bedate, Pilar,
Fechas asociadas al nombre 1936-2017
9 (RLIN) 57833
830 0# - PUNTO DE ACCESO ADICIONAL DE SERIE-TÍTULO UNIFORME
Título uniforme Personalia ;
Designación de volumen o secuencia 8
9 (RLIN) 179888
852 ## - LOCALIZACIÓN
Ubicación ES-MaACL
Número de control de estantería L-30485
Nota libre . - Donat. Miguel A. Velasco
Holdings
Estatus retirado Estado de pérdida Estado de daño No para préstamo Biblioteca de origen Biblioteca actual Ubicación en estantería Fecha de adquisición Fuente de adquisición Total de préstamos Signatura topográfica completa Código de barras Visto por última vez Precio de reemplazo Tipo de ítem Koha
        Biblioteca del Ateneo de Madrid Biblioteca del Ateneo de Madrid Depósito 2 29/07/2016     L-30485 1195694 23/02/2023 23/02/2023 Libro impreso